000 00649cam a2200217 4500
001 WB3618-27
008 000000n2000 000 0 eng u
035 _a(Sirsi) u105864
245 _aAuctioneers:going, going, gone?
260 _c2000
490 _aSunday Business
_v 7 May 2000, 7(1)
520 _aDiscusses the current state of Sotheby's and Christie's under threat from a price-fixing investigation and the rise of internet auctioneers.
590 _aWB
650 _aPRICE FIXING
650 _aINTERNET
650 _aSOTHEBYS
650 _aCHRISTIES
650 _aAUCTION HOUSES
690 _aAuctioneering
_96218
942 _n0
999 _c63392
_d63392